Historia general de América Latina

Bewaard in:
Bibliografische gegevens
Formaat: Boek
Taal:Spaans
Gepubliceerd in: París UNESCO 2000
Onderwerpen:
Tags: Voeg label toe
Geen labels, Wees de eerste die dit record labelt!

MARC

LEADER 00000nam a2200000 a 4500
001 UCG4734
003 CL-VaPUC
008 101125e20000000FR |||||||||||||||||spa|d
020 |a 9233036537oc 
020 |a 9233031527v.3 t.1 
082 0 4 |a 980  |b HIS  |2 21 
245 1 0 |a Historia general de América Latina 
300 |a v 
942 |c BK 
945 |d 20101125 00:00:00  |a mfarfan 
260 |a París  |b UNESCO  |c 2000 
500 |a v.3 t.1: Consolidación del orden colonial 
650 0 |a Historia de América  |9 266076 
651 0 |a América  |9 255182 
583 |a last modification  |c 20101125 00:00:00  |k Rodrigo Vera 
999 |c 343383  |d 343381 
952 |0 0  |1 0  |4 0  |6 980_000000000000000_HIS_2000  |7 0  |8 X  |9 440669  |a FDOBUD  |b FDOBUD  |d 2019-11-22  |h v.3 t.1  |i 4737253  |o 980 HIS 2000  |p 4737253  |r 2019-11-22  |w 2019-11-22  |y BK_X  |k BUD